000 01135cam a2200301 i 4500
001 zz2007760927
003 NUKAT
005 20260331080847.0
008 070115s1961 pl g i |000 0 pol c
035 _a(OCoLC)749222035
035 _a(NUKAT)zz2007760927
040 _aWR U/PAd
_cWR U/jm
_dWR U/jm
_dOLSZT 003/bak
041 1 _apol
_hrus
245 0 0 _aSkorowidz do dzieł W. I. Lenina /
_c[red. odp. Irena Borensztejn].
260 _aWarszawa :
_b"Książka i Wiedza",
_c1961.
300 _aVIII, 693, [3] s. :
_berr. ;
_c21 cm.
336 _aTekst
_btxt
_2rdacontent
337 _aBez urządzenia pośredniczącego
_bn
_2rdamedia
338 _aWolumin
_bnc
_2rdacarrier
380 _aKsiążki
500 _aPrzekład z czwartego wydania rosyjskiego przygotowanego przez Instytut Marksizmu-Leninizmu przy KC KPZR.
600 1 7 _aLenin, Vladimir Ilʹič
_d(1870-1924)
_vsłowniki, indeksy.
_2kaba
_939282
650 7 _aMarksizm
_2DBN
_939280
655 7 _aIndeksy
_2DBN
_939283
700 1 _aBorensztejn, Irena.
_eRed.
_939284
710 2 _aSpółdzielnia Wydawniczo-Handlowa "Książka i Wiedza".
_4pbl
_912450
942 _2ddc
_cBK_NM
999 _c27372
_d27372